000 00183 a2200097 4500
020 _a078073003952
041 _aspa
100 _aPaulette Bourgeois
245 _aFranklin
942 _cBK
999 _c14979
_d14979